| 000 | 01156nam a2200313 i 4500 | ||
|---|---|---|---|
| 003 | DO-SdBNP | ||
| 005 | 20260305074000.0 | ||
| 007 | ta | ||
| 008 | 250606b2008 dr a|||| |||| 00| 0 spa d | ||
| 020 | _a9789945001150 | ||
| 040 |
_aDO-SdBNP _bspa _cBNPHU _erda |
||
| 041 | 0 |
_aspa _aeng _afre |
|
| 082 | 4 |
_222 _axxx _bG377O |
|
| 100 | 1 |
_aGerón, Candido, _d1948- _eautor _4aut. _93577 |
|
| 245 | 1 | 0 |
_aSimbolo de la pintura latinoamericana / _cCándido Gerón ; traducción, Altagracia Amelia Cabral, Manuel García Cartagena |
| 246 | 1 | _aSymbol of latino-american painting | |
| 246 | 1 | _aSymbole de la peinture latino-américaine | |
| 264 | 1 |
_aSanto Domingo : _bEditora Centenario, _c2008. |
|
| 300 |
_a377 páginas : _bilustraciones ; _c31 cm. |
||
| 336 |
_atexto _btxt _2rdacontent |
||
| 337 |
_asin mediación _bn _2rdamedia |
||
| 338 |
_avolumen _bnc _2rdacarrier |
||
| 500 | _aIncluye datos biográficos del autor en la solapa de la cubierta | ||
| 590 | _aInventariado, 2025/BT | ||
| 700 | 1 |
_aCabral, Altagracia Amelia, _etraductor _4tr. _943780 |
|
| 700 | 1 |
_aGarcía Cartagena, Manuel, _etraductor _4tr. _912067 |
|
| 910 | _aBtavárez | ||
| 942 |
_2ddc _cLBS1 |
||
| 999 |
_c59151 _d59151 |
||